000 01284nam0a22002651 4500
001 RU\NLR\INFOCOMM_195\5000047275
005 20260406110521.0
035 _a(NLR Aleph) 009160233
090 _a8449336
_c8449336
100 _a20100202d1969 |||y0rusy50 ca
101 0 _aspa
102 _aRU
105 _aa ||||000|y
200 1 _aPor el reforzamiento de la cohesión de los comunistas, por un nuevo auge de la lucha antiimperialista
_eDiscurso del jefe de la delegación del PCUS, Secretario General del CC del PCUS Leonid Brézhnev, pronunciado en la Conferencia internacional de los partidos comunistas y obreros de Moscú (7 de junio de 1969)
205 _aДоп. тираж
210 _aΜ.
_cEd. de la Agencia de prensa "Nóvosti"
_d[1969]
215 _a58, [5] с.
_cпортр.
_d20 см
300 _aНа последней с.: Л. И. Брежнев. За укрепление сплоченности коммунистов, за новый подъем антиимпериалистической борьбы
686 _aКП(1)2894
_2rubbk
700 1 _4070
_8rus
_7ca
_aBrežnev
_bL. I.
_f1906-1982
_gLeonid Il'ič
_3RU\NLR\AUTH\77109814
_992739
801 1 _aRU
_bNLR
_c20100202
801 0 _aRU
_bNLR
_gPSBO
852 _aNLR
_jИп11 Д-4/3
942 _cBOOK
980 _aNB